<?xml version="1.0" encoding="UTF-8"?>
<record
    xmlns:xsi="http://www.w3.org/2001/XMLSchema-instance"
    xsi:schemaLocation="http://www.loc.gov/MARC21/slim http://www.loc.gov/standards/marcxml/schema/MARC21slim.xsd"
    xmlns="http://www.loc.gov/MARC21/slim">

  <leader>02839nam a2200337   4500</leader>
  <controlfield tag="003">OSt</controlfield>
  <controlfield tag="005">20260512074559.0</controlfield>
  <controlfield tag="008">260512b        |||||||| |||| 00| 0 aze d</controlfield>
  <datafield tag="040" ind1=" " ind2=" ">
    <subfield code="a">AZ-XaKU</subfield>
    <subfield code="b">aze</subfield>
    <subfield code="c">AZ-XaKU</subfield>
  </datafield>
  <datafield tag="041" ind1="0" ind2=" ">
    <subfield code="a">aze</subfield>
  </datafield>
  <datafield tag="050" ind1="1" ind2="4">
    <subfield code="a">TK146 .K5282 2007</subfield>
  </datafield>
  <datafield tag="100" ind1="1" ind2=" ">
    <subfield code="a">X&#x131;d&#x131;rov, H&#x259;s&#x259;n,</subfield>
    <subfield code="e">m&#xFC;&#x259;llif.</subfield>
  </datafield>
  <datafield tag="245" ind1="1" ind2=" ">
    <subfield code="a">&#xDC;mumi elektrotexnika il&#x259; elektronikan&#x131;n &#x259;saslar&#x131;</subfield>
    <subfield code="b">: &#x15F;&#x259;rhl&#x259;r v&#x259; testl&#x259;r</subfield>
    <subfield code="c">/ H&#x259;s&#x259;n X&#x131;d&#x131;rov ; redaktor O.H.Mirz&#x259;yev ; r&#x259;y&#xE7;il&#x259;r &#x18F;.M.Quluyev, R.K.Quluzad&#x259;</subfield>
  </datafield>
  <datafield tag="264" ind1=" " ind2=" ">
    <subfield code="a">Bak&#x131;:</subfield>
    <subfield code="c">2007.</subfield>
  </datafield>
  <datafield tag="300" ind1=" " ind2=" ">
    <subfield code="a">320 s&#x259;hif&#x259;;</subfield>
    <subfield code="b">&#x15F;&#x259;kil,</subfield>
    <subfield code="c">20 sm.</subfield>
  </datafield>
  <datafield tag="336" ind1=" " ind2=" ">
    <subfield code="a">text</subfield>
    <subfield code="b">txt</subfield>
    <subfield code="2">rdacontent</subfield>
  </datafield>
  <datafield tag="337" ind1=" " ind2=" ">
    <subfield code="a">unmediated</subfield>
    <subfield code="b">n</subfield>
    <subfield code="2">rdamedia</subfield>
  </datafield>
  <datafield tag="338" ind1=" " ind2=" ">
    <subfield code="a">volume </subfield>
    <subfield code="b">nc</subfield>
    <subfield code="2">rdacarrier</subfield>
  </datafield>
  <datafield tag="500" ind1=" " ind2=" ">
    <subfield code="a">Az&#x259;rbaycan Respublikas&#x131; T&#x259;hsil Nazirliyinin Energetika Elmi Metodiki &#x15E;uras&#x131;n&#x131;n 03-04/450 sayl&#x131; 23.04.2007-ci il tarixli q&#x259;rar&#x131; il&#x259; t&#x259;sdiq edilmi&#x15F;dir. Protokol &#x2116;6</subfield>
  </datafield>
  <datafield tag="504" ind1=" " ind2=" ">
    <subfield code="a">&#x18F;d&#x259;biyyat siyah&#x131;s&#x131;: s. 314-315</subfield>
  </datafield>
  <datafield tag="505" ind1="0" ind2=" ">
    <subfield code="a">I F&#x259;sil. Elektrik sah&#x259;si ; I hiss&#x259;. &#xDC;mumi elektrotexnika -- II F&#x259;sil. Sabit c&#x259;r&#x259;yan d&#xF6;vr&#x259;l&#x259;ri -- III F&#x259;sil. Elektromaqnetizm -- IV F&#x259;sil. Sabit c&#x259;r&#x259;yan elektrik ma&#x15F;&#x131;nlar&#x131; -- V F&#x259;sil. Bir fazal&#x131; sinusoidal d&#x259;yi&#x15F;&#x259;n c&#x259;r&#x259;yan d&#xF6;vr&#x259;l&#x259;ri -- VI F&#x259;sil. &#xDC;&#xE7;fazal&#x131; c&#x259;r&#x259;yan d&#xF6;vr&#x259;l&#x259;ri -- VII F&#x259;sil. Elektrotexniki &#xF6;l&#xE7;m&#x259;l&#x259;r v&#x259; cihazlar -- VIII F&#x259;sil. Transformatorlar -- IX F&#x259;sil. D&#x259;yi&#x15F;&#x259;n c&#x259;r&#x259;yan ma&#x15F;&#x131;nlar&#x131; -- X F&#x259;sil. Elektrik intiqal&#x131; v&#x259; idar&#x259; aparatlar&#x131; -- XI F&#x259;sil. Elektrik enerjisinin &#xF6;t&#xFC;r&#xFC;lm&#x259;si v&#x259; paylanmas&#x131; -- II hiss&#x259;. Elektronikan&#x131;n &#x259;saslar&#x131; ; XII F&#x259;sil. Elektron v&#x259; &#x130;on cihazlar&#x131; -- XIII F&#x259;sil. Yar&#x131;mke&#xE7;irici cihazlar -- XIV F&#x259;sil. Fotoelektron cihazlar&#x131; -- XV F&#x259;sil. D&#x259;yi&#x15F;&#x259;n c&#x259;r&#x259;yan&#x131;n d&#xFC;zl&#x259;ndirilm&#x259;si -- XVI F&#x259;sil. Al&#xE7;aq tezlikli g&#xFC;cl&#x259;ndiricil&#x259;r -- XVII F&#x259;sil. Elektron generatorlar&#x131;.</subfield>
  </datafield>
  <datafield tag="520" ind1="0" ind2=" ">
    <subfield code="a">D&#x259;rs v&#x259;saiti orta ixtisas m&#x259;kt&#x259;bl&#x259;rinin t&#x259;l&#x259;b&#x259;l&#x259;ri &#xFC;&#xE7;&#xFC;n n&#x259;z&#x259;rd&#x259; tutulmu&#x15F;dur. Ona g&#xF6;r&#x259; d&#x259; test sual v&#x259; m&#x259;s&#x259;l&#x259;l&#x259;rini t&#x259;rtib etm&#x259;mi&#x15F;d&#x259;n &#xF6;nc&#x259; elektrik v&#x259; maqnit d&#xF6;vr&#x259;l&#x259;rind&#x259;ki prosesl&#x259;rin fiziki mahiyy&#x259;tinin izah&#x131;na diqq&#x259;t yetirilmi&#x15F;, elektrotexnikan&#x131;n &#x259;sas qanunlar&#x131; &#x15F;&#x259;rh olunmu&#x15F;, elektrotexniki terminl&#x259;r, &#x15F;&#x259;rti i&#x15F;ar&#x259;l&#x259;r, &#x259;sas &#xF6;l&#xE7;&#xFC; vahidl&#x259;ri g&#xF6;st&#x259;rilmi&#x15F;dir. Onlar&#x131;n yadda m&#xF6;hk&#x259;ml&#x259;ndirm&#x259;si &#xFC;&#xE7;&#xFC;n test m&#x259;s&#x259;l&#x259;l&#x259;rinin h&#x259;lli metodlar&#x131; verilmi&#x15F;dir.</subfield>
  </datafield>
  <datafield tag="521" ind1=" " ind2=" ">
    <subfield code="a">Kitabdan &#xF6;z bilik dair&#x259;l&#x259;rini m&#xFC;st&#x259;qil art&#x131;rmaq v&#x259; yoxlamaq m&#x259;qs&#x259;di il&#x259; elmin bu sah&#x259;sin&#x259; maraq g&#xF6;st&#x259;r&#x259;n m&#xFC;&#x259;llim v&#x259; t&#x259;l&#x259;b&#x259;l&#x259;rl&#x259; yana&#x15F;&#x131;, m&#xFC;h&#x259;ndis v&#x259; texniki i&#x15F;&#xE7;il&#x259;r d&#x259; faydalana bil&#x259;rl&#x259;r.</subfield>
  </datafield>
  <datafield tag="650" ind1=" " ind2="7">
    <subfield code="a">Fizika</subfield>
    <subfield code="2">AZ-XaKU</subfield>
  </datafield>
  <datafield tag="655" ind1="0" ind2=" ">
    <subfield code="2">Az-XaKU</subfield>
    <subfield code="a">D&#x259;rs v&#x259;saiti</subfield>
  </datafield>
  <datafield tag="700" ind1="1" ind2=" ">
    <subfield code="a">Mirz&#x259;yev, O.H.,</subfield>
    <subfield code="e">redaktor.</subfield>
  </datafield>
  <datafield tag="700" ind1="1" ind2=" ">
    <subfield code="a">Quluyev, &#x18F;.M.,</subfield>
    <subfield code="e">r&#x259;y&#xE7;i. </subfield>
  </datafield>
  <datafield tag="700" ind1="1" ind2=" ">
    <subfield code="a">Quluzad&#x259;, R.K.,</subfield>
    <subfield code="e">r&#x259;y&#xE7;i.</subfield>
  </datafield>
  <datafield tag="942" ind1=" " ind2=" ">
    <subfield code="c">BOOK</subfield>
  </datafield>
  <datafield tag="999" ind1=" " ind2=" ">
    <subfield code="c">412</subfield>
    <subfield code="d">412</subfield>
  </datafield>
  <datafield tag="952" ind1=" " ind2=" ">
    <subfield code="0">0</subfield>
    <subfield code="1">0</subfield>
    <subfield code="2">lcc</subfield>
    <subfield code="4">0</subfield>
    <subfield code="7">0</subfield>
    <subfield code="8">GC</subfield>
    <subfield code="a">KU</subfield>
    <subfield code="b">KU</subfield>
    <subfield code="d">2026-05-12</subfield>
    <subfield code="l">0</subfield>
    <subfield code="o">TK146 .K5282 2007</subfield>
    <subfield code="p">0000000335</subfield>
    <subfield code="r">2026-05-12 07:47:18</subfield>
    <subfield code="t">1</subfield>
    <subfield code="w">2026-05-12</subfield>
    <subfield code="y">BOOK</subfield>
  </datafield>
</record>
